000 00323nam a2200109 4500
999 _c15090
_d15090
008 200304b ||||| |||| 00| 0 eng d
245 _aNesting ground TSI, pawikan's.
260 _aDavao City, Philippines;
_bSunstar Davao,
_c©2019.
300 _apage 11;
_c29.5cm.
650 _aEndangered species.
_941811
942 _2ddc
_cPER